000 00656nam a2200169 i 4500
001 21547
003 ES-MaACL
005 20230906152512.0
007 t|
008 021126s1867 po ||||1| por d
100 1 _aAlbufeira, Borao de.
_919428
245 1 3 _aOs campos de manobras e suas principaes relaçoes con a organisaçao dos excritor palo /
_cBorao de Albufeira ; estudos precedidos de un juizo critico pelo J.M. Latino Coelho.
260 _aLisboa :
_b[s.n.,
_c1867] (
_fImp. Rua do Paço do Bemformosa)
300 _aXVII, 257 p. :
_b1 plan. ;
_c22 cm.
700 1 _aCoelho, José María Latino (
_d1825-1891)
_9126522
852 _aES-MaACL
_jG-8497
999 _c21547
_d21547